Classification, pattern recognition, and reduction of dimensionality

Αποθηκεύτηκε σε:
Λεπτομέρειες βιβλιογραφικής εγγραφής
Άλλοι συγγραφείς: Krishnaiah, Paruchuri R., Kanal, Laveen N.
Μορφή: Βιβλίο
Γλώσσα:English
Δημοσίευση: Amsterdam : New York : New York, N.Y. : North-Holland Pub. Co., Sole distributors for the U.S.A. and Canada, Elsevier Science Pub. Co., c1982
Σειρά:Handbook of statistics ; ; v. 2
Θέματα:
Ετικέτες: Προσθήκη ετικέτας
Δεν υπάρχουν, Καταχωρήστε ετικέτα πρώτοι!

MARC

LEADER 00000cam a2200000 i 4500
001 1/29060
008 960206s1982 eng d
020 |a 044486217X 
035 |l 10023151 
040 |a GR-MY-UA  |b gre  |e aacr 
041 0 |a eng 
082 0 |a 519.535 
245 1 0 |a Classification, pattern recognition, and reduction of dimensionality /  |c edited by P.R. Krishnaiah, L.N. Kanal 
260 |a Amsterdam :   |a New York :   |a New York, N.Y. :   |b North-Holland Pub. Co.,   |b Sole distributors for the U.S.A. and Canada, Elsevier Science Pub. Co.,   |c c1982 
300 |a xxii, 903 p.;  |b ill.;  |c 25 cm 
490 1 |a Handbook of statistics  |v ; v. 2 
504 |a Includes bibliographies and index 
650 0 0 |a Discriminant analysis. 
650 0 0 |a Cluster analysis. 
650 0 0 |a Pattern perception. 
700 1 |a Krishnaiah, Paruchuri R. 
700 1 |a Kanal, Laveen N. 
830 0 |a Handbook of statistics ;  |v ; v. 2 
852 |a INST  |b CHIOS  |e 19960206  |h 519.535 CLA  |p 005200004151  |q 005200004151  |t BK  |y 12 
909 |a Χ  |b 031565